000 00459nam a2200181Ia 4500
005 20250603145624.0
008 250603s9999 xx 000 0 und d
020 _a9780765621207
050 _aJQ 1850 .A58 .B59/
100 _aBiygautane, Mhamed
245 0 _aPublic management reform in the Gulf Cooperation Council and beyond
260 _aNew York
260 _bRoutledge
260 _c2023
300 _a316 p
650 _aNew York
942 _cBK
999 _c42372
_d42372